| 000 | 00781nam a2200229 a 4500 | ||
|---|---|---|---|
| 001 | 000021975 | ||
| 005 | 20200930011528.0 | ||
| 008 | 100915s2000 dr 000 0 spa d | ||
| 020 | _a9993433071 | ||
| 040 |
_aDO-SdBNP _bspa _cBNPHU |
||
| 082 |
_axxx _bC314n |
||
| 100 | 1 |
_aCarreras Aguilera, Pedro _943438 |
|
| 245 | 1 | 3 |
_aEl noroeste en la historia dominicana / _cPedro Carreras Aguilera ; presentación Daniel Beltré López. |
| 260 |
_aSanto Domingo : _bComisión Presidencial de Apoyo Desarrollo Providencial, _c2000. |
||
| 300 |
_a168 p. ; _c22 cm. |
||
| 490 | 1 |
_aProvincias _vno. 15 |
|
| 500 | _aIncluye notas al pie de las páginas | ||
| 504 | _aBibliografía : 165-168 | ||
| 700 | 1 |
_aBeltré López, Daniel _913896 |
|
| 830 | 0 |
_aProvincias _n15 _945562 |
|
| 049 | _aBNPD | ||
| 999 |
_c21473 _d21473 |
||